Az Aranyhomok-part országában 4. Tudósok között /

Elmentve itt :
Bibliográfiai részletek
Szerző: Siklós János
Dokumentumtípus: Cikk
Megjelent: 1967-11-24
Sorozat:Délmagyarország 57 No. 278
Kulcsszavak:Úti beszámoló Bulgária 1967
Online Access:http://dmarchiv.bibl.u-szeged.hu/78470
LEADER 00493nab a2200157 i 4500
001 delm78470
005 20180928084321.0
008 180928s1967 hu o 0|| hun d
040 |a SZTE Délmagyarország Archívum  |b hun 
041 |a hun 
100 1 |a Siklós János 
245 1 3 |a Az Aranyhomok-part országában   |h [elektronikus dokumentum] :  |b 4. Tudósok között /  |c  Siklós János 
260 |c 1967-11-24 
300 |a 2 
490 0 |a Délmagyarország  |v 57 No. 278 
695 |a Úti beszámoló Bulgária 1967